书目信息 |
| 题名: |
最好考前做过这些题
|
|
| 作者: | 李钟权 编著 ;苏然 , 李炳未 译 | |
| 分册: | 新日语能力考试N1听解 | |
| 出版信息: | 北京 世界图书出版公司北京公司 2012.09 |
|
| 页数: | 225页 | |
| 开本: | 26cm | |
| 丛书名: | ||
| 单 册: | ||
| 中图分类: | H360.41-44 , H369.9-44 , H360.41 | |
| 科图分类: | ||
| 主题词: | 日语--水平考试--习题集 , 日语--听力--水平考试--习题集 , 日语 , 听力 | |
| 电子资源: | ||
| ISBN: | 978-7-5100-4811-1 | |
| 000 | 01234nam0 2200325 450 | |
| 001 | 2357836278 | |
| 005 | 20231215161504.31 | |
| 010 | @a978-7-5100-4811-1@dCNY 36.00 | |
| 100 | @a20130301d2012 em y0chiy0120 ea | |
| 101 | 1 | @achi@ajpn@ckor |
| 102 | @aCN@b110000 | |
| 105 | @aa q 000yy | |
| 200 | 1 | @a最好考前做过这些题@Azui hao kao qian zuo guo zhe xie ti@i新日语能力考试N1听解@b专著@f(韩)李钟权编著 |
| 210 | @a北京@c世界图书出版公司北京公司@d2012.09 | |
| 215 | @a225页@c图@d26cm@e1光盘@e1听力原文译文(60页) | |
| 307 | @a附光盘:ISBN 978-7-88780-002-2 ISRC CN-M46-12-00003 | |
| 314 | @a版权页题:苏然、李炳未译 | |
| 330 | @a本书分考试指导、题型分析、备考知识点总结、专项练习、模拟试题、参考答案、中文翻译及听解录音文本七个部分,介绍了考试的要求、考点、难度以及主要知识点,同时介绍了考试必须注意的事项和答题方法。 | |
| 606 | 0 | @a日语@x水平考试@j习题集 |
| 606 | 0 | @a日语@x听力@x水平考试@j习题集 |
| 606 | 0 | @a日语 |
| 606 | 0 | @a听力 |
| 690 | @aH360.41-44@v5 | |
| 690 | @aH369.9-44@v5 | |
| 690 | @aH360.41@v4 | |
| 701 | 0 | @c(韩)@a李钟权@Ali zhong quan@4编著 |
| 702 | 0 | @a苏然@Asu ran@c(日语)@4译 |
| 702 | 0 | @a李炳未@Ali bing wei@c(韩语)@4译 |
| 801 | 2 | @aCN@b辽宁北配@c20231205 |
| 905 | @aBZT@dH360.41@e2:1 | |
| 最好考前做过这些题.新日语能力考试N1听解/(韩)李钟权编著.-北京:世界图书出版公司北京公司,2012.09 |
| 225页:图;26cm+1光盘+1听力原文译文(60页) |
| ISBN 978-7-5100-4811-1:CNY 36.00 |
| 本书分考试指导、题型分析、备考知识点总结、专项练习、模拟试题、参考答案、中文翻译及听解录音文本七个部分,介绍了考试的要求、考点、难度以及主要知识点,同时介绍了考试必须注意的事项和答题方法。 |
| ● |
| 相关链接 |
|
|
|
正题名:最好考前做过这些题
索取号:H360.41/2:1
 
预约/预借
| 序号 | 登录号 | 条形码 | 馆藏地/架位号 | 状态 | 备注 |
| 1 | 2001521488 | 2001521488 | 第四书库/152/ [索取号:H360.41/2:1] | 在馆 | |
| 2 | 2001521489 | 2001521489 | 第四书库/152/ [索取号:H360.41/2:1] | 在馆 | |
| 3 | 2001521490 | 2001521490 | 第四书库/152/ [索取号:H360.41/2:1] | 在馆 | |
| 4 | 2001521491 | 2001521491 | 第四书库/152/ [索取号:H360.41/2:1] | 在馆 | |
| 5 | 2001521492 | 2001521492 | 第四书库/152/ [索取号:H360.41/2:1] | 在馆 | |
| 6 | 2001521493 | 2001521493 | 第四书库/152/ [索取号:H360.41/2:1] | 在馆 | |
| 7 | 2001521494 | 2001521494 | 第四书库/152/ [索取号:H360.41/2:1] | 在馆 | |
| 8 | 2001521495 | 2001521495 | 第四书库/152/ [索取号:H360.41/2:1] | 在馆 | |
| 9 | 2001521496 | 2001521496 | 第四书库/152/ [索取号:H360.41/2:1] | 在馆 | |
| 10 | 2001521497 | 2001521497 | 第四书库/152/ [索取号:H360.41/2:1] | 在馆 | |
| 11 | 2001521498 | 2001521498 | 第四书库/152/ [索取号:H360.41/2:1] | 在馆 | |
| 12 | 2001521499 | 2001521499 | 第四书库/152/ [索取号:H360.41/2:1] | 在馆 | |
| 13 | 2001521500 | 2001521500 | 第四书库/152/ [索取号:H360.41/2:1] | 在馆 | |
| 14 | 2001521501 | 2001521501 | 第四书库/152/ [索取号:H360.41/2:1] | 在馆 | |
| 15 | 2001521502 | 2001521502 | 第四书库/152/ [索取号:H360.41/2:1] | 在馆 | |
| 16 | 2001521503 | 2001521503 | 第四书库/152/ [索取号:H360.41/2:1] | 在馆 | |
| 17 | 2001521504 | 2001521504 | 第四书库/152/ [索取号:H360.41/2:1] | 在馆 | |
| 18 | 2001521505 | 2001521505 | 第四书库/152/ [索取号:H360.41/2:1] | 在馆 | |
| 19 | 2001521506 | 2001521506 | 第四书库/152/ [索取号:H360.41/2:1] | 在馆 | |
| 20 | 2001521507 | 2001521507 | 第四书库/152/ [索取号:H360.41/2:1] | 在馆 |